Представление документа в формате RUSMARC

Поле Инд. ПП Название Значение
Тип записи a
Библиографический уровень a
001 Контрольный номер 48ad740da0ba4e659b736bc2dbe0a0c4
005 Дата корректировки 20181120134554.1
100 a Данные общей обработки 20180302 ||| 0rusy0189 ca
101 0_ a Язык текста rus
102 a Страна публикации RU
200 1_ f Первые сведения об ответственности Г.А. Серова
a Заглавие Информационные системы в области юридической деятельности
210 d Дата издания 2018
461 _0 1 2000
a Делопроизводство
463 _0 1 2000
a №1
v С. 27-33
1 2101
d 2018
1 00130c8f6bf80bd4165878b39490fdebed6
606 a Основная рубрика Информационное право
610 0_ a Ключевые слова ИНФОРМАЦИОННЫЕ СИСТЕМЫ
700 _1 a Фамилия Серова
b Имя Г.А.
801 _0 a Страна RU
b Организация РГУП
c Дата составления 20180302
g Правила каталогизации PSBO
801 _1 a Страна RU
b Организация РГУП
c Дата составления 20180302
g Правила каталогизации PSBO
901 t Тип документа b
w Контрольный № источника 30c8f6bf80bd4165878b39490fdebed6
905 a Дата ввода 20180302